FIFA World Cup Winners in 30 Seconds - Statistics

General Stats
  • This quiz has been taken 41 times
  • The average score is 19 of 21
Answer Stats
Year Answer % Correct
2018 France
97%
1998 France
97%
2014 Germany
97%
2010 Spain
97%
1990 West Germany
97%
1974 West Germany
97%
1954 West Germany
97%
2002 Brazil
94%
1994 Brazil
94%
1970 Brazil
94%
1962 Brazil
94%
1958 Brazil
94%
1966 England
89%
1986 Argentina
86%
1978 Argentina
86%
2006 Italy
83%
1982 Italy
83%
1938 Italy
83%
1934 Italy
83%
1950 Uruguay
83%
1930 Uruguay
83%
No matching quizzes found
Score Distribution
Percent of People with Each Score
Percentile by Number Answered
Your Score History
You have not taken this quiz